[Event "4. Open Memorial Pedro Lezcano 2011"]
[Site "Gran Canaria ESP"]
[Date "2011.04.20"]
[Round "3.5"]
[White "Garcia Padron, Jose"]
[Black "Lopez Pereyra, Antonio"]
[Result "1/2-1/2"]
[WhiteElo "2434"]
[BlackElo "2119"]
[PlyCount "45"]
[EventDate "2011.04.18"]
[EventType "swiss"]
[EventRounds "9"]
[EventCountry "ESP"]
[Source "lmi"]
[SourceDate "2011.04.18"]

1. e4 c5 2. Nf3 Nc6 3. Bb5 e6 4. O-O Nge7 5. c3 d5 6. exd5 Nxd5 7. Ne5 Bd7 8.
Bxc6 Bxc6 9. Nxc6 bxc6 10. Qa4 Qc7 11. d3 Be7 12. Nd2 Nf4 13. d4 cxd4 14. cxd4
Rb8 15. Nf3 O-O 16. Bxf4 Qxf4 17. Qxa7 Bd6 18. b3 g5 19. Rfe1 Rb5 20. Re3 Rd5
21. g3 Qf6 22. Rae1 c5 23. Ne5 1/2-1/2

[Event "4. Open Memorial Pedro Lezcano 2011"]
[Site "Gran Canaria ESP"]
[Date "2011.04.20"]
[Round "3.6"]
[White "Rodriguez Melian, Jose Luis"]
[Black "Cabrera Trujillo, Jorge"]
[Result "0-1"]
[WhiteElo "2141"]
[BlackElo "2392"]
[PlyCount "46"]
[EventDate "2011.04.18"]
[EventType "swiss"]
[EventRounds "9"]
[EventCountry "ESP"]
[Source "lmi"]
[SourceDate "2011.04.18"]

1. d4 Nf6 2. c4 g6 3. Nc3 Bg7 4. e4 O-O 5. h3 d6 6. Be3 Na6 7. Bd3 e5 8. d5 Nd7
9. g4 Ndc5 10. Bc2 f5 11. exf5 gxf5 12. Bxf5 Bxf5 13. gxf5 Rxf5 14. Qc2 Qf6 15.
O-O-O Bh6 16. Bxh6 Rxf2 17. Qxf2 Qxf2 18. Nge2 Kh8 19. h4 Qf5 20. Rdf1 Qg6 21.
Bg5 Nd7 22. Rhg1 Rf8 23. Re1 Nb4 0-1

[Event "4. Open Memorial Pedro Lezcano 2011"]
[Site "Gran Canaria ESP"]
[Date "2011.04.20"]
[Round "3.7"]
[White "Del Rey, Diego"]
[Black "Perez Aleman, Pedro Tomas"]
[Result "1-0"]
[WhiteElo "2364"]
[BlackElo "2108"]
[PlyCount "131"]
[EventDate "2011.04.18"]
[EventType "swiss"]
[EventRounds "9"]
[EventCountry "ESP"]
[Source "lmi"]
[SourceDate "2011.04.18"]

1. d4 Nf6 2. Bg5 Ne4 3. Bf4 g5 4. Bc1 h6 5. f3 Nf6 6. e4 d6 7. Be3 Bg7 8. Qd2
c6 9. c4 a6 10. Ne2 b5 11. Ng3 bxc4 12. Bxc4 d5 13. e5 dxc4 14. exf6 Bxf6 15.
Nh5 Bf5 16. Nxf6+ exf6 17. O-O O-O 18. Na3 Qd5 19. Rfc1 Nd7 20. Nxc4 Rfe8 21.
Bf2 Be6 22. Rc2 Rad8 23. Rac1 Nf8 24. Ne3 Qxa2 25. b4 Qa4 26. Rxc6 a5 27. d5
axb4 28. R6c4 Qa3 29. Rd4 b3 30. Nc4 Qa2 31. dxe6 Nxe6 32. Rxd8 Rxd8 33. Qxa2
bxa2 34. Ra1 Rb8 35. Nb6 Rd8 36. Be3 Rd3 37. Kf2 Ra3 38. Nd5 Kg7 39. Nb4 Rb3
40. Nxa2 Ra3 41. Bc1 Ra8 42. Bb2 Nc5 43. Nc1 Rd8 44. Bc3 Nd3+ 45. Nxd3 Rxd3 46.
Ra3 Rd6 47. g4 Kg6 48. Ra8 Kg7 49. Ke3 Re6+ 50. Kd3 Kg6 51. Rg8+ Kh7 52. Rb8
Kg6 53. Bd4 Kg7 54. Rb6 Kg6 55. Rxe6 fxe6 56. Ke4 Kf7 57. Bc5 Kg6 58. Be7 Kf7
59. Bd8 Kg7 60. Kd4 Kg6 61. Kc5 f5 62. Kd6 Kf7 63. Ke5 f4 64. Bf6 Kg6 65. Kxe6
Kh7 66. Kf5 1-0

[Event "4. Open Memorial Pedro Lezcano 2011"]
[Site "Gran Canaria ESP"]
[Date "2011.04.20"]
[Round "3.8"]
[White "Herrera Reyes, Jose Antonio"]
[Black "Hernando Rodrigo, Jose Maria"]
[Result "1/2-1/2"]
[WhiteElo "2111"]
[BlackElo "2313"]
[PlyCount "71"]
[EventDate "2011.04.18"]
[EventType "swiss"]
[EventRounds "9"]
[EventCountry "ESP"]
[Source "lmi"]
[SourceDate "2011.04.18"]

1. e4 g6 2. d4 Bg7 3. Nf3 d6 4. Bd3 e5 5. c3 Bg4 6. Be3 Nc6 7. d5 Nce7 8. h3
Bd7 9. Nbd2 f5 10. exf5 gxf5 11. Nh4 f4 12. O-O Nf6 13. Ne4 Nexd5 14. Bc4 Nxe4
15. Qh5+ Kf8 16. Bxd5 Be8 17. Qf3 Ng5 18. Qg4 h5 19. Qf5+ Qf6 20. Bd2 Qxf5 21.
Nxf5 Bf7 22. c4 Bf6 23. Bxb7 Rb8 24. Bd5 Bg6 25. Nh4 Nxh3+ 26. gxh3 Bxh4 27.
Ba5 Rh7 28. Kh1 Rg7 29. b3 Re8 30. Rg1 Ree7 31. Rg2 Be8 32. Rag1 Bf6 33. Rxg7
Bxg7 34. Rg5 c5 35. Rf5+ Bf7 36. Bd8 1/2-1/2

[Event "4. Open Memorial Pedro Lezcano 2011"]
[Site "Gran Canaria ESP"]
[Date "2011.04.20"]
[Round "3.9"]
[White "Perez Felipe, Marcos Adrian"]
[Black "Ramirez Medina, Oscar"]
[Result "1-0"]
[WhiteElo "2310"]
[BlackElo "1931"]
[PlyCount "101"]
[EventDate "2011.04.18"]
[EventType "swiss"]
[EventRounds "9"]
[EventCountry "ESP"]
[Source "lmi"]
[SourceDate "2011.04.18"]

1. d4 Nf6 2. c4 g6 3. Nc3 Bg7 4. e4 d6 5. f3 O-O 6. Bg5 Nbd7 7. Nh3 h6 8. Be3
e5 9. d5 a5 10. Qd2 Kh7 11. Nf2 b6 12. g4 Ng8 13. h4 Qe7 14. Bd3 Nc5 15. Bc2
Bd7 16. h5 g5 17. b3 Qf6 18. Qe2 Kh8 19. O-O Qe7 20. a3 a4 21. b4 Nb3 22. Bxb3
axb3 23. Rfb1 f5 24. exf5 Bxf5 25. gxf5 Rxf5 26. Nfe4 Qf7 27. Rxb3 Qxh5 28. Ng3
Qxf3 29. Nxf5 Qxf5 30. Rf1 Qg6 31. Bc1 Nf6 32. Nb5 Rc8 33. Qf3 Rf8 34. Qf5 Qh5
35. Rh3 Qe2 36. Qd3 Qg4+ 37. Rg3 e4 38. Rxg4 exd3 39. Rg3 Re8 40. Rxd3 Re4 41.
Rd4 Re2 42. Rd2 Re4 43. Bb2 Ng4 44. Rf8+ Kh7 45. Rf7 Re1+ 46. Rf1 Rxf1+ 47.
Kxf1 Ne3+ 48. Ke2 Nxc4 49. Bxg7 Nxd2 50. Kxd2 Kxg7 51. a4 1-0

[Event "4. Open Memorial Pedro Lezcano 2011"]
[Site "Gran Canaria ESP"]
[Date "2011.04.20"]
[Round "3.10"]
[White "Vera Gonzalez-Quevedo, Reynaldo"]
[Black "Molina Rodriguez, Borja"]
[Result "1-0"]
[WhiteElo "2518"]
[BlackElo "2079"]
[PlyCount "39"]
[EventDate "2011.04.18"]
[EventType "swiss"]
[EventRounds "9"]
[EventCountry "ESP"]
[Source "lmi"]
[SourceDate "2011.04.18"]

1. Nf3 Nf6 2. c4 e6 3. g3 b6 4. Bg2 Bb7 5. O-O Be7 6. d4 O-O 7. Re1 c5 8. d5
exd5 9. Nh4 d6 10. Nf5 Nc6 11. cxd5 Nb4 12. Nc3 Bc8 13. Nxe7+ Qxe7 14. a3 Na6
15. e4 Bb7 16. Bf4 Nc7 17. e5 dxe5 18. d6 Qd7 19. Bxb7 exf4 20. dxc7 1-0

[Event "4. Open Memorial Pedro Lezcano 2011"]
[Site "Gran Canaria ESP"]
[Date "2011.04.20"]
[Round "3.11"]
[White "Lopez De Turiso, Jose Angel"]
[Black "Menvielle Laccourreye, Augusto"]
[Result "1/2-1/2"]
[WhiteElo "2053"]
[BlackElo "2265"]
[PlyCount "111"]
[EventDate "2011.04.18"]
[EventType "swiss"]
[EventRounds "9"]
[EventCountry "ESP"]
[Source "lmi"]
[SourceDate "2011.04.18"]

1. e4 e6 2. c4 d5 3. cxd5 exd5 4. exd5 Nf6 5. Bb5+ Bd7 6. Bc4 Bd6 7. Nc3 O-O 8.
Nge2 a6 9. d4 b5 10. Bd3 Re8 11. Bg5 h6 12. Bh4 Bg4 13. O-O Nbd7 14. f3 Bh5 15.
Bg3 b4 16. Bxd6 bxc3 17. Ba3 Nxd5 18. Qb3 cxb2 19. Bxb2 N7f6 20. Ng3 Rb8 21.
Qa3 Nb4 22. Nxh5 Nxd3 23. Nxf6+ Qxf6 24. Qxd3 Rxb2 25. Rf2 Qb6 26. Rd1 Rb4 27.
Rfd2 a5 28. Qc3 Rd8 29. g3 Rd7 30. Kg2 Rb5 31. d5 Qd6 32. Qd3 Rb8 33. Qc4 Rbd8
34. Qb5 Kh7 35. Qxa5 Qe5 36. Qb5 Rd6 37. Qc4 f5 38. Qxc7 Qe3 39. Qc2 Qe5 40. f4
Qf6 41. Qc4 h5 42. h4 Qf7 43. a4 Re8 44. Kf3 Qg6 45. a5 Qg4+ 46. Kg2 Re3 47.
Qf1 Rxg3+ 48. Kh1 Rh3+ 49. Rh2 Rxh2+ 50. Kxh2 Qxh4+ 51. Qh3 Qxf4+ 52. Qg3 Qb4
53. Rg1 g6 54. Qe5 Qd2+ 55. Rg2 Qxd5 56. Qe7+ 1/2-1/2

[Event "4. Open Memorial Pedro Lezcano 2011"]
[Site "Gran Canaria ESP"]
[Date "2011.04.20"]
[Round "3.12"]
[White "Vega Gutierrez, Belinda"]
[Black "Cruz Gomez, Isidro"]
[Result "1-0"]
[WhiteElo "2255"]
[BlackElo "1973"]
[PlyCount "108"]
[EventDate "2011.04.18"]
[EventType "swiss"]
[EventRounds "9"]
[EventCountry "ESP"]
[Source "lmi"]
[SourceDate "2011.04.18"]

1. e4 e5 2. Nf3 d6 3. d4 Nd7 4. Nc3 c6 5. a4 Be7 6. Bc4 Ngf6 7. O-O O-O 8. Re1
Qc7 9. a5 h6 10. h3 Re8 11. Ba2 Nf8 12. Be3 Be6 13. d5 cxd5 14. exd5 Bd7 15.
Bb3 Ng6 16. Qe2 Nh7 17. Nb5 Qb8 18. Ba4 Ng5 19. c4 Nxf3+ 20. Qxf3 Bg5 21. Bxg5
hxg5 22. Qa3 Bxb5 23. Bxb5 Rc8 24. a6 Nf4 25. axb7 Qxb7 26. Ba6 Qb6 27. Bxc8
Rxc8 28. Qxa7 Qxb2 29. Qd7 Rxc4 30. Ra7 e4 31. Qxf7+ Kh7 32. Qf5+ Kh6 33. h4
Qf6 34. hxg5+ Qxg5 35. Qxg5+ Kxg5 36. Rxg7+ Kf6 37. Rd7 Nd3 38. Re2 Nf4 39. Rd2
Ke5 40. Re7+ Kf5 41. g3 Nh3+ 42. Kg2 Ng5 43. Rd1 Rc2 44. Re8 Rb2 45. Rf8+ Ke5
46. g4 e3 47. Rf5+ Ke4 48. Rxg5 Rxf2+ 49. Kg1 Rd2 50. Re1 Kf3 51. Rf5+ Kxg4 52.
Rf8 Rxd5 53. Rxe3 Rd1+ 54. Kf2 d5 1-0

[Event "4. Open Memorial Pedro Lezcano 2011"]
[Site "Gran Canaria ESP"]
[Date "2011.04.20"]
[Round "3.13"]
[White "Navarro Molina, David"]
[Black "Garcia Blanco, Omar"]
[Result "1/2-1/2"]
[WhiteElo "2055"]
[BlackElo "2209"]
[PlyCount "73"]
[EventDate "2011.04.18"]
[EventType "swiss"]
[EventRounds "9"]
[EventCountry "ESP"]
[Source "lmi"]
[SourceDate "2011.04.18"]

1. d4 Nf6 2. c4 c5 3. d5 b5 4. cxb5 a6 5. bxa6 d6 6. Nc3 Bxa6 7. g3 Nbd7 8. Bg2
g6 9. Nf3 Bg7 10. Rb1 O-O 11. O-O Qa5 12. Bd2 Rfb8 13. Qc2 Qc7 14. b3 Nb6 15.
Nh4 Qb7 16. Rfd1 Nfxd5 17. Nxd5 Nxd5 18. Bh6 Nb4 19. Qd2 Nc6 20. Nf5 Bxh6 21.
Nxh6+ Kg7 22. b4 cxb4 23. Rdc1 Rc8 24. Nxf7 Kxf7 25. Bxc6 Rxc6 26. Qd5+ Ke8 27.
Qxc6+ Qxc6 28. Rxc6 Bxe2 29. Rxb4 Rxa2 30. Rc3 g5 31. f3 d5 32. Re3 Kd7 33.
Rb7+ Kd6 34. Rbxe7 Bxf3 35. R7e6+ Kd7 36. Re7+ Kd6 37. R7e6+ 1/2-1/2

[Event "4. Open Memorial Pedro Lezcano 2011"]
[Site "Gran Canaria ESP"]
[Date "2011.04.20"]
[Round "3.14"]
[White "Nortes Hernandez, Pedro"]
[Black "Gonzalez Garcia, Guillermo W"]
[Result "0-1"]
[WhiteElo "2034"]
[BlackElo "2203"]
[PlyCount "54"]
[EventDate "2011.04.18"]
[EventType "swiss"]
[EventRounds "9"]
[EventCountry "ESP"]
[Source "lmi"]
[SourceDate "2011.04.18"]

1. e4 c5 2. Nf3 d6 3. d4 cxd4 4. Nxd4 Nf6 5. Nc3 e6 6. Bg5 Nc6 7. Nb3 Be7 8.
Qd2 a6 9. O-O-O O-O 10. f4 Qc7 11. Bd3 b5 12. Qe1 b4 13. Ne2 e5 14. Ng3 a5 15.
Nf5 Bxf5 16. exf5 a4 17. Nd2 b3 18. axb3 a3 19. bxa3 Rxa3 20. Ne4 d5 21. Nxf6+
Bxf6 22. Bxf6 gxf6 23. Kb2 Rfa8 24. Ra1 Qa7 25. Rxa3 Qxa3+ 26. Kc3 Qb4+ 27. Kb2
Qd4+ 0-1

[Event "4. Open Memorial Pedro Lezcano 2011"]
[Site "Gran Canaria ESP"]
[Date "2011.04.20"]
[Round "3.16"]
[White "Rodriguez Perez, David"]
[Black "Camino Carrio, Nicanor"]
[Result "1-0"]
[WhiteElo "2029"]
[BlackElo "2147"]
[PlyCount "79"]
[EventDate "2011.04.18"]
[EventType "swiss"]
[EventRounds "9"]
[EventCountry "ESP"]
[Source "lmi"]
[SourceDate "2011.04.18"]

1. d4 Nf6 2. Bg5 d5 3. Bxf6 exf6 4. g3 Bd6 5. Bg2 c6 6. e3 Nd7 7. Ne2 f5 8. O-O
h5 9. c4 dxc4 10. Nd2 O-O 11. Nxc4 Bc7 12. b4 h4 13. a4 Qe7 14. Qb1 Nf6 15. b5
hxg3 16. hxg3 Ne4 17. Qc2 Bd7 18. Rfb1 Rfe8 19. Nc3 b6 20. Nxe4 fxe4 21. bxc6
Bg4 22. Rb5 Rad8 23. a5 a6 24. Rxb6 Rd5 25. Rb7 Bf3 26. Ne5 Rxe5 27. dxe5 Qxe5
28. Qb2 Qf5 29. Rxc7 Re6 30. Rd7 Bxg2 31. Kxg2 Qf3+ 32. Kf1 Qh1+ 33. Ke2 Qf3+
34. Ke1 Rh6 35. c7 Rh1+ 36. Kd2 Qxf2+ 37. Kc3 Qf6+ 38. Rd4 Qc6+ 39. Rc4 Qf6+
40. Kb3 1-0

[Event "4. Open Memorial Pedro Lezcano 2011"]
[Site "Gran Canaria ESP"]
[Date "2011.04.20"]
[Round "3.17"]
[White "Cruz Pino, Adrian"]
[Black "Martin Hernandez, Ruben"]
[Result "0-1"]
[WhiteElo "1889"]
[BlackElo "2095"]
[PlyCount "56"]
[EventDate "2011.04.18"]
[EventType "swiss"]
[EventRounds "9"]
[EventCountry "ESP"]
[Source "lmi"]
[SourceDate "2011.04.18"]

1. Nf3 Nf6 2. g3 b5 3. Bg2 Bb7 4. O-O e6 5. d3 Be7 6. Nbd2 c5 7. b3 O-O 8. Bb2
d6 9. c4 a6 10. Qc2 Nc6 11. Rfd1 Rc8 12. Bf1 d5 13. Ne1 e5 14. e3 Qb6 15. a3
Rfd8 16. Nef3 Qc7 17. Rac1 Qb8 18. Bh3 e4 19. dxe4 dxe4 20. Bxc8 Qxc8 21. Ng5
Ng4 22. Ndxe4 f5 23. Qc3 Nd4 24. exd4 fxe4 25. d5 Bf6 26. Qd2 e3 27. Qe2 exf2+
28. Kh1 Bxg5 0-1

[Event "4. Open Memorial Pedro Lezcano 2011"]
[Site "Gran Canaria ESP"]
[Date "2011.04.20"]
[Round "3.18"]
[White "Fernandez Manrique, Agustin"]
[Black "Diaz Suarez, Cayetano"]
[Result "1/2-1/2"]
[WhiteElo "2158"]
[BlackElo "1827"]
[PlyCount "54"]
[EventDate "2011.04.18"]
[EventType "swiss"]
[EventRounds "9"]
[EventCountry "ESP"]
[Source "lmi"]
[SourceDate "2011.04.18"]

1. c4 e5 2. Nc3 Nc6 3. Nf3 f5 4. d4 e4 5. Ng5 Bb4 6. Nh3 Nf6 7. Bg5 h6 8. Bxf6
Qxf6 9. e3 Bxc3+ 10. bxc3 g5 11. Qh5+ Kf8 12. f3 exf3 13. gxf3 d6 14. Nf2 Be6
15. h4 Kg7 16. Rg1 Bf7 17. hxg5 Bxh5 18. gxf6+ Kxf6 19. Be2 Rag8 20. Kd2 Bf7
21. Nh3 Rxg1 22. Rxg1 Rg8 23. Rh1 Ne7 24. Nf4 Kg5 25. Rg1+ Kf6 26. Rh1 Kg5 27.
Rg1+ Kf6 1/2-1/2

[Event "4. Open Memorial Pedro Lezcano 2011"]
[Site "Gran Canaria ESP"]
[Date "2011.04.20"]
[Round "3.19"]
[White "Rodriguez Lapetra, Pablo"]
[Black "Martinez Molina, Jose Juan"]
[Result "1-0"]
[WhiteElo "2105"]
[BlackElo "1822"]
[PlyCount "93"]
[EventDate "2011.04.18"]
[EventType "swiss"]
[EventRounds "9"]
[EventCountry "ESP"]
[Source "lmi"]
[SourceDate "2011.04.18"]

1. e4 c5 2. Nf3 a6 3. c3 e6 4. d4 Qc7 5. Bd3 Nc6 6. O-O cxd4 7. cxd4 Nb4 8. Nc3
Nxd3 9. Qxd3 d6 10. Bf4 Ne7 11. Rac1 Qd7 12. Rfd1 Ng6 13. Bg3 Be7 14. Qc2 b5
15. Ne2 Bb7 16. d5 e5 17. Qd2 O-O 18. h4 h5 19. Ng5 Rfc8 20. Qe3 Qd8 21. f4
Rxc1 22. Rxc1 Bxg5 23. hxg5 exf4 24. Bxf4 Qe7 25. Nd4 Re8 26. Nf5 Qxe4 27. Nxd6
Qxe3+ 28. Bxe3 Rxe3 29. Nxb7 Rd3 30. d6 Nf4 31. Rc7 Ne6 32. Re7 g6 33. d7 Kg7
34. Rxe6 Rxd7 35. Rb6 Rd5 36. Rxa6 Rxg5 37. Nd6 Rd5 38. Rb6 g5 39. Nxb5 g4 40.
Nc3 Rd2 41. Ne4 Rd3 42. Kf2 h4 43. Rd6 Rxd6 44. Nxd6 Kg6 45. a4 f5 46. Nxf5
Kxf5 47. a5 1-0

[Event "4. Open Memorial Pedro Lezcano 2011"]
[Site "Gran Canaria ESP"]
[Date "2011.04.20"]
[Round "3.20"]
[White "Marrero Cardenes, Agustin"]
[Black "Alvarado Diaz, Alejandro"]
[Result "0-1"]
[WhiteElo "1820"]
[BlackElo "2104"]
[PlyCount "92"]
[EventDate "2011.04.18"]
[EventType "swiss"]
[EventRounds "9"]
[EventCountry "ESP"]
[Source "lmi"]
[SourceDate "2011.04.18"]

1. c4 f5 2. g3 g6 3. Bg2 Bg7 4. d4 c5 5. Nf3 cxd4 6. Nxd4 Nc6 7. Nxc6 bxc6 8.
Qc2 Nf6 9. Nc3 Ba6 10. Qa4 Qc8 11. O-O O-O 12. Rb1 Kh8 13. Re1 Rd8 14. c5 Rf8
15. b4 Ng4 16. Bd2 Rb8 17. b5 cxb5 18. Nxb5 Bb7 19. Bxb7 Rxb7 20. h3 Nf6 21.
Nxa7 Qa8 22. Rxb7 Qxb7 23. Nb5 Ne4 24. Be3 Ra8 25. Qb3 Qa6 26. Rd1 Nf6 27. Nc7
Qxa2 28. Qxa2 Rxa2 29. Rb1 Kg8 30. Kf1 Kf7 31. Rd1 Rc2 32. Nd5 Nxd5 33. Rxd5
Ke6 34. Rd3 Bf6 35. f4 Rc3 36. Rxc3 Bxc3 37. Kf2 Kd5 38. c6 dxc6 39. Kf3 Be1
40. g4 e6 41. Bc1 c5 42. Ke3 Kc4 43. Kf3 Bc3 44. e4 Kd3 45. gxf5 gxf5 46. exf5
exf5 0-1

[Event "4. Open Memorial Pedro Lezcano 2011"]
[Site "Gran Canaria ESP"]
[Date "2011.04.20"]
[Round "3.21"]
[White "Lopez Colon, Francisco"]
[Black "Santos Izquierdo, Carlos"]
[Result "1-0"]
[WhiteElo "2099"]
[BlackElo "1820"]
[PlyCount "97"]
[EventDate "2011.04.18"]
[EventType "swiss"]
[EventRounds "9"]
[EventCountry "ESP"]
[Source "lmi"]
[SourceDate "2011.04.18"]

1. d4 f5 2. Nc3 g6 3. e4 d6 4. exf5 Bxf5 5. g4 Bd7 6. h4 Nf6 7. Be2 Nc6 8. g5
Ng8 9. d5 Ne5 10. f4 Nf7 11. h5 e5 12. dxe6 Bxe6 13. hxg6 hxg6 14. Rxh8 Nxh8
15. Qd4 Nf7 16. Qe4 Qd7 17. Bc4 Ke7 18. Nd5+ Ke8 19. Nxc7+ Qxc7 20. Bxe6 Ne7
21. Ne2 Bg7 22. Bd2 Rd8 23. Nc3 Qc5 24. O-O-O d5 25. Qd3 Rd6 26. Re1 Kf8 27.
Qb5 Qxb5 28. Nxb5 Rb6 29. Nc3 Nd6 30. Bg4 Nc4 31. b3 Nxd2 32. Kxd2 Rb4 33. Ne2
Re4 34. Bf3 Re6 35. c3 Ra6 36. a4 Ke8 37. Nd4 Bxd4 38. cxd4 Kf7 39. Re5 Rd6 40.
b4 b6 41. b5 Rd7 42. Bg4 Rd6 43. f5 gxf5 44. Bxf5 Nxf5 45. Rxf5+ Kg6 46. Re5
Rd7 47. Ke3 Rd8 48. Kf4 Rf8+ 49. Kg4 1-0

[Event "4. Open Memorial Pedro Lezcano 2011"]
[Site "Gran Canaria ESP"]
[Date "2011.04.20"]
[Round "3.22"]
[White "Rossello Padron, Carlos"]
[Black "Arana Herrera, Antonio"]
[Result "0-1"]
[WhiteElo "2085"]
[BlackElo "1819"]
[PlyCount "78"]
[EventDate "2011.04.18"]
[EventType "swiss"]
[EventRounds "9"]
[EventCountry "ESP"]
[Source "lmi"]
[SourceDate "2011.04.18"]

1. b3 d5 2. e3 c5 3. Bb2 a6 4. f4 Nc6 5. Nf3 Nh6 6. g3 f6 7. Bg2 Bf5 8. Nh4 Bg4
9. Bf3 Bxf3 10. Qxf3 Qd7 11. Nc3 Rd8 12. Na4 e6 13. Ba3 Nb4 14. Bxb4 cxb4 15.
O-O Be7 16. d4 b5 17. Nb2 Rc8 18. Rac1 Nf7 19. e4 O-O 20. f5 Ng5 21. Qe3 Rc3
22. Qe2 dxe4 23. Rcd1 Rfc8 24. fxe6 Qxe6 25. d5 Qb6+ 26. Kg2 g6 27. Rd2 e3 28.
Nd1 Qc5 29. Nxc3 exd2 30. Nf3 bxc3 31. Nxg5 Qxd5+ 32. Nf3 Rc7 33. a4 Bd6 34.
axb5 axb5 35. Ra1 Re7 36. Qf1 Bc5 37. Rd1 Re3 38. h3 Qe4 39. h4 g5 0-1

[Event "4. Open Memorial Pedro Lezcano 2011"]
[Site "Gran Canaria ESP"]
[Date "2011.04.20"]
[Round "3.23"]
[White "Rodriguez Ferraz, Borja"]
[Black "Viera Falcon, Cristo"]
[Result "1-0"]
[WhiteElo "2079"]
[BlackElo "1805"]
[PlyCount "51"]
[EventDate "2011.04.18"]
[EventType "swiss"]
[EventRounds "9"]
[EventCountry "ESP"]
[Source "lmi"]
[SourceDate "2011.04.18"]

1. d4 d5 2. c4 e5 3. dxe5 d4 4. Nf3 c5 5. e3 Nc6 6. exd4 cxd4 7. Nbd2 Bf5 8. a3
Qa5 9. Qb3 O-O-O 10. Bd3 Bxd3 11. Qxd3 f6 12. O-O Nxe5 13. Nxe5 fxe5 14. Qf5+
Kb8 15. b4 Qc7 16. Nf3 Qxc4 17. Nxe5 Qd5 18. Bf4 Ka8 19. Rac1 Ne7 20. Qh3 a6
21. Rc5 Qe4 22. Nf7 b6 23. Rcc1 Qxf4 24. Nxd8 Nf5 25. Rc8+ Ka7 26. Ne6 1-0

[Event "4. Open Memorial Pedro Lezcano 2011"]
[Site "Gran Canaria ESP"]
[Date "2011.04.20"]
[Round "3.24"]
[White "Ramirez Medina, Victor"]
[Black "Acosta Sosa, Juan Manuel"]
[Result "0-1"]
[WhiteElo "1810"]
[BlackElo "2066"]
[PlyCount "82"]
[EventDate "2011.04.18"]
[EventType "swiss"]
[EventRounds "9"]
[EventCountry "ESP"]
[Source "lmi"]
[SourceDate "2011.04.18"]

1. e4 c5 2. Nf3 Nc6 3. d4 cxd4 4. Nxd4 g6 5. Nc3 Bg7 6. Be3 Nf6 7. Bc4 O-O 8.
Bb3 d6 9. f3 Bd7 10. Qd2 Rc8 11. O-O-O a6 12. h4 h5 13. Kb1 Ne5 14. Bg5 Nc4 15.
Qd3 b5 16. Rhe1 Rc5 17. Nde2 Re8 18. Nf4 Nh7 19. Nfd5 Nxg5 20. hxg5 Qa5 21. Rf1
Nxb2 22. Kxb2 b4 23. e5 bxc3+ 24. Ka1 Bf5 25. Qe2 dxe5 26. Ne3 Qa3 27. Rb1 Be6
28. Bxe6 fxe6 29. Nc4 Qa4 30. Nb6 Qc6 31. Rb3 Rd8 32. Qxa6 e4 33. Qa7 e3 34.
Qxe7 Qd6 35. Qxd6 Rxd6 36. Re1 e2 37. a4 Rd2 38. Rbb1 Rxc2 39. Rb5 Rxb5 40.
axb5 Rd2 41. Kb1 Rd1+ 0-1

[Event "4. Open Memorial Pedro Lezcano 2011"]
[Site "Gran Canaria ESP"]
[Date "2011.04.20"]
[Round "3.25"]
[White "Gonzalez Intelangelo, Gerardo"]
[Black "Capote Robayna, Johanna"]
[Result "1/2-1/2"]
[WhiteElo "2061"]
[BlackElo "1780"]
[PlyCount "40"]
[EventDate "2011.04.18"]
[EventType "swiss"]
[EventRounds "9"]
[EventCountry "ESP"]
[Source "lmi"]
[SourceDate "2011.04.18"]

1. c4 Nf6 2. Nc3 g6 3. d4 Bg7 4. Bf4 d6 5. Nf3 O-O 6. e3 Nc6 7. h3 Nd7 8. Bh2
e5 9. d5 Ne7 10. e4 f5 11. Be2 Nf6 12. Nd2 f4 13. Qc2 Bd7 14. f3 a6 15. Bg1 Rb8
16. Ba7 Ra8 17. Bf2 Nh5 18. Nf1 Rb8 19. Ba7 Ra8 20. Bf2 Rb8 1/2-1/2

[Event "4. Open Memorial Pedro Lezcano 2011"]
[Site "Gran Canaria ESP"]
[Date "2011.04.21"]
[Round "4.2"]
[White "Cabrera Trujillo, Jorge"]
[Black "Strikovic, Aleksa"]
[Result "0-1"]
[WhiteElo "2392"]
[BlackElo "2570"]
[PlyCount "108"]
[EventDate "2011.04.18"]
[EventType "swiss"]
[EventRounds "9"]
[EventCountry "ESP"]
[Source "lmi"]
[SourceDate "2011.04.18"]

1. e4 c5 2. Nf3 e6 3. d4 cxd4 4. Nxd4 a6 5. c4 Nf6 6. Nc3 Bb4 7. Qf3 d5 8. exd5
exd5 9. cxd5 O-O 10. Be2 Bg4 11. Qd3 Qxd5 12. f3 Rd8 13. fxg4 Qxd4 14. Qxd4
Rxd4 15. a3 Bxc3+ 16. bxc3 Re4 17. h3 Nc6 18. Kf2 Rae8 19. Bf3 Rc4 20. Re1 Ne5
21. Re3 Nxf3 22. gxf3 Rec8 23. a4 Rxc3 24. Rxc3 Rxc3 25. Be3 Kf8 26. a5 Nd5 27.
Bd4 Rc4 28. Rd1 f6 29. Kg3 Ke7 30. Bb2 Ke6 31. Bc1 Ra4 32. Bd2 Ra2 33. h4 g6
34. Be1 Rg2+ 35. Kxg2 Ne3+ 36. Kf2 Nxd1+ 37. Ke2 Nb2 38. Bc3 Nc4 39. Kd3 Kd5
40. Bb4 b5 41. axb6 Nxb6 42. Bc3 Nd7 43. Ke3 Kc4 44. Be1 Ne5 45. Ke4 Nc6 46. f4
a5 47. Bxa5 Nxa5 48. f5 Nb7 49. fxg6 hxg6 50. g5 fxg5 51. hxg5 Nc5+ 52. Ke3 Kc3
53. Ke2 Kc2 54. Kf3 Ne6 0-1

[Event "4. Open Memorial Pedro Lezcano 2011"]
[Site "Gran Canaria ESP"]
[Date "2011.04.21"]
[Round "4.3"]
[White "Barlov, Dragan"]
[Black "Perez Felipe, Marcos Adrian"]
[Result "0-1"]
[WhiteElo "2472"]
[BlackElo "2310"]
[PlyCount "110"]
[EventDate "2011.04.18"]
[EventType "swiss"]
[EventRounds "9"]
[EventCountry "ESP"]
[Source "lmi"]
[SourceDate "2011.04.18"]

1. Nf3 Nf6 2. c4 e6 3. Nc3 c5 4. g3 b6 5. Bg2 Bb7 6. O-O Be7 7. d4 cxd4 8. Qxd4
d6 9. Rd1 a6 10. e4 Qc7 11. b3 Nbd7 12. Ba3 Nc5 13. e5 dxe5 14. Qxe5 Qxe5 15.
Nxe5 Bxg2 16. Kxg2 Rc8 17. Bxc5 Bxc5 18. Na4 b5 19. cxb5 axb5 20. Nxc5 Rxc5 21.
Rac1 Rxc1 22. Rxc1 O-O 23. Rc5 Rb8 24. Rc7 Ra8 25. Nxf7 h6 26. Rb7 Rxa2 27. Ne5
Ne4 28. Kf3 Nd2+ 29. Kg2 Ne4 30. Rb8+ Kh7 31. Rf8 Rb2 32. h4 Nf6 33. g4 Re2 34.
g5 hxg5 35. hxg5 Rxe5 36. gxf6 g5 37. Kg3 Kg6 38. f7 Kg7 39. Rb8 Kxf7 40. Kg4
Rf5 41. f3 Ke7 42. Rb6 Kf6 43. Kg3 Rd5 44. Kf2 Re5 45. Rb7 Rc5 46. Ke2 Ke5 47.
b4 Rd5 48. Ke3 Kf6 49. Ke2 Kf5 50. Ke3 Re5+ 51. Kf2 g4 52. Rf7+ Kg6 53. Re7 Kf6
54. Re8 Rf5 55. Rb8 Ke5 0-1

[Event "4. Open Memorial Pedro Lezcano 2011"]
[Site "Gran Canaria ESP"]
[Date "2011.04.21"]
[Round "4.4"]
[White "Kurajica, Bojan"]
[Black "Natalicchio Escalante, Nicolas"]
[Result "1-0"]
[WhiteElo "2531"]
[BlackElo "2201"]
[PlyCount "106"]
[EventDate "2011.04.18"]
[EventType "swiss"]
[EventRounds "9"]
[EventCountry "ESP"]
[Source "lmi"]
[SourceDate "2011.04.18"]

1. d4 e6 2. Nf3 Nf6 3. g3 d5 4. Bg2 b5 5. Ne5 c5 6. a4 b4 7. Bg5 Bb7 8. a5 h6
9. Be3 Qc7 10. c3 Bd6 11. Qa4+ Nfd7 12. f4 O-O 13. O-O Rc8 14. Nd2 bxc3 15.
bxc3 cxd4 16. cxd4 Ba6 17. Bf3 Nxe5 18. fxe5 Bf8 19. Nb3 Qd7 20. Qa2 Nc6 21.
Qb1 Rab8 22. Qd1 Nb4 23. Rc1 Na2 24. Rxc8 Rxc8 25. Nc5 Bxc5 26. dxc5 Nc3 27.
Qd2 d4 28. Rf2 Rxc5 29. Qxd4 Qxd4 30. Bxd4 Rc7 31. e3 Nd5 32. Rb2 Bc4 33. Be4
g6 34. Rb8+ Kg7 35. Ra8 a6 36. Rb8 Ne7 37. Bb6 Rd7 38. Bc5 g5 39. Bd6 Nf5 40.
Bf8+ Kg6 41. g4 Rd1+ 42. Kf2 Rf1+ 43. Kg2 Rd1 44. gxf5+ exf5 45. Rb6+ Be6 46.
Bf3 Rd2+ 47. Kg3 g4 48. Bb7 h5 49. Be7 Re2 50. Bc5 Kg5 51. h4+ gxh3 52. Bf3 h4+
53. Kxh3 f4+ 1-0